[Event "Teplice op"]
[Site "Teplice"]
[Date "2023.06.18"]
[Round "9"]
[White "Kraus, Tomas"]
[Black "Sprenar, Petr"]
[Result "1-0"]
[WhiteElo "2493"]
[BlackElo "2330"]
[PlyCount "29"]
[EventDate "2023.06.10"]
[EventType "swiss"]
[EventRounds "9"]
[EventCountry "CZE"]
[SourceTitle "CBM 214 Extra"]
[Source "ChessBase"]
[SourceDate "2023.07.31"]
[SourceVersion "1"]
[SourceVersionDate "2023.07.31"]
[SourceQuality "1"]

1. d4 d5 2. Nf3 e6 3. c4 Nf6 4. Nc3 Bb4 5. e3 0-0 6. Bd2 c6 7. Bd3 Nbd7 8. 0-0 Re8 9. Nxd5 Bxd2 10. Nxf6+ Qxf6 11. Nxd2 e5 12. Ne4 Qh6 13. c5 Nf6 14. Nd6 Re7 15. Bf5 1-0

[Event "Teplice op"]
[Site "Teplice"]
[Date "2023.06.12"]
[Round "3"]
[White "Kaasen, Tor Fredrik"]
[Black "Sprenar, Petr"]
[Result "1-0"]
[WhiteElo "2484"]
[BlackElo "2330"]
[PlyCount "63"]
[EventDate "2023.06.10"]
[EventType "swiss"]
[EventRounds "9"]
[EventCountry "CZE"]
[SourceTitle "CBM 214 Extra"]
[Source "ChessBase"]
[SourceDate "2023.07.31"]
[SourceVersion "1"]
[SourceVersionDate "2023.07.31"]
[SourceQuality "1"]

1. e4 c5 2. Nf3 e6 3. d4 cxd4 4. Nxd4 Nc6 5. Nc3 Qc7 6. Be3 a6 7. g4 b5 8. Nxc6 dxc6 9. Qf3 e5 10. 0-0-0 Bd6 11. h4 Ne7 12. h5 Be6 13. h6 gxh6 14. Rxh6 0-0-0 15. g5 Bb4 16. Bd2 Ng6 17. Bh3 Kb7 18. a3 Bc5 19. Bf5 Qe7 20. Kb1 Rd7 21. Bc1 Rxd1 22. Nxd1 Nf8 23. Qg3 Bd6 24. Ne3 Rg8 25. Ng4 Rg7 26. Nf6 Ng6 27. Nh5 Rg8 28. Rxh7 Nf4 29. Bxe6 Qxe6 30. Nxf4 exf4 31. Bxf4 Qg6 32. Rh6 1-0

[Event "Titled Tuesday intern op 30th May Early"]
[Site "Chess.com INT"]
[Date "2023.05.30"]
[Round "3"]
[White "Arabidze, Meri"]
[Black "Sprenar, Petr"]
[Result "1-0"]
[WhiteElo "2441"]
[BlackElo "2312"]
[PlyCount "73"]
[EventDate "2023.05.30"]
[EventType "swiss (blitz)"]
[EventRounds "11"]
[EventCountry "USA"]
[SourceTitle "CBM 214 Extra"]
[Source "ChessBase"]
[SourceDate "2023.07.31"]
[SourceVersion "1"]
[SourceVersionDate "2023.07.31"]
[SourceQuality "1"]

1. Nf3 d5 2. b3 Nf6 3. e3 e6 4. Bb2 Be7 5. c4 0-0 6. Nc3 b6 7. d4 Bb7 8. Bd3 Ne4 9. 0-0 f5 10. Ne5 c6 11. Ne2 Nd7 12. Nf4 Nxe5 13. dxe5 Nc5 14. Bc2 dxc4 15. b4 Nd3 16. Bxd3 cxd3 17. Nxe6 Qd5 18. Nxf8 c5 19. f3 c4 20. Nxh7 Kxh7 21. Bc3 a5 22. bxa5 Bc5 23. Qe1 b5 24. Rb1 Bc6 25. Kh1 Rb8 26. a3 Bxa3 27. e6 Bd6 28. Qh4+ Kg8 29. Qg5 Be5 30. Bxe5 Qxe5 31. Qe7 Re8 32. Qf7+ Kh7 33. Qh5+ Kg8 34. Qf7+ Kh7 35. Qh5+ Kg8 36. e4 f4 37. Qxe5 1-0

[Event "Titled Tuesday intern op 30th May Early"]
[Site "Chess.com INT"]
[Date "2023.05.30"]
[Round "5"]
[White "Mamedov, Edgar"]
[Black "Sprenar, Petr"]
[Result "1-0"]
[WhiteElo "2193"]
[BlackElo "2312"]
[PlyCount "75"]
[EventDate "2023.05.30"]
[EventType "swiss (blitz)"]
[EventRounds "11"]
[EventCountry "USA"]
[SourceTitle "CBM 214 Extra"]
[Source "ChessBase"]
[SourceDate "2023.07.31"]
[SourceVersion "1"]
[SourceVersionDate "2023.07.31"]
[SourceQuality "1"]

1. d4 d5 2. c4 e6 3. Nf3 Nf6 4. Nc3 Bb4 5. Bg5 h6 6. Bxf6 Qxf6 7. e3 0-0 8. Rc1 c6 9. Bd3 Nd7 10. 0-0 dxc4 11. Bxc4 Bxc3 12. Rxc3 e5 13. dxe5 Nxe5 14. Nxe5 Qxe5 15. Qd2 Bf5 16. Rd1 Qe7 17. Rcc1 Rfd8 18. Qa5 Bg4 19. Rxd8+ Rxd8 20. Qxa7 Qb4 21. Bb3 Rd1+ 22. Rxd1 Bxd1 23. h3 Bxb3 24. axb3 Qxb3 25. Qb8+ Kh7 26. Qe5 Qd1+ 27. Kh2 Qd7 28. Qe4+ f5 29. Qe5 b6 30. b4 Kg6 31. h4 Kf7 32. h5 b5 33. Kg3 Qe6 34. Kf4 Qc4+ 35. Kxf5 Qxb4 36. Qe6+ Kf8 37. Kg6 Qb1+ 38. e4 1-0

[Event "Titled Tuesday intern op 18th Apr Late"]
[Site "Chess.com INT"]
[Date "2023.04.18"]
[Round "8"]
[White "Sargsyan, Shant"]
[Black "Sprenar, Petr"]
[Result "1-0"]
[WhiteElo "2630"]
[BlackElo "2312"]
[PlyCount "73"]
[EventDate "2023.04.18"]
[EventType "swiss (blitz)"]
[EventRounds "11"]
[EventCountry "USA"]
[SourceTitle "EXT 2024"]
[Source "ChessBase"]
[SourceDate "2023.10.10"]
[SourceVersion "1"]
[SourceVersionDate "2023.10.10"]
[SourceQuality "1"]

1. b4 e5 2. Bb2 Bxb4 3. Bxe5 Nf6 4. c3 Be7 5. Nf3 0-0 6. e3 d5 7. d4 c5 8. Nbd2 Nc6 9. Bg3 Bf5 10. Be2 Rc8 11. 0-0 Ne4 12. Nxe4 Bxe4 13. Nd2 Bg6 14. a4 Na5 15. Nb3 cxd4 16. Nxa5 d3 17. Bxd3 Qxa5 18. Bxg6 hxg6 19. Rb1 b6 20. Be5 Bf6 21. Rb5 Qa6 22. Bd4 Bxd4 23. cxd4 Rfd8 24. Qb3 Rc4 25. Ra1 Qb7 26. g3 Qc6 27. a5 Rc3 28. Qb1 Rb8 29. axb6 Rxb6 30. Rxb6 axb6 31. Kg2 Rc2 32. Qb3 b5 33. Ra5 Rd2 34. Qxb5 Qf6 35. Qb8+ Kh7 36. Qf4 Qe6 37. Qh4+ 1-0

[Event "Titled Tuesday intern op 28th Feb Early"]
[Site "Chess.com INT"]
[Date "2023.02.28"]
[Round "5"]
[White "Sprenar, Petr"]
[Black "Jiganchine, Roman"]
[Result "0-1"]
[WhiteElo "2296"]
[BlackElo "2205"]
[PlyCount "66"]
[EventDate "2023.02.28"]
[EventType "swiss (blitz)"]
[EventRounds "11"]
[EventCountry "USA"]
[SourceTitle "CBM 213 Extra"]
[Source "ChessBase"]
[SourceDate "2023.05.31"]
[SourceVersion "1"]
[SourceVersionDate "2023.05.31"]
[SourceQuality "1"]

1. d4 d5 2. c4 e6 3. Nf3 Nf6 4. Nc3 c5 5. cxd5 cxd4 6. Nxd4 Nxd5 7. e4 Nxc3 8. bxc3 Be7 9. Bd3 0-0 10. 0-0 Nd7 11. Be3 a6 12. Kh1 Qc7 13. Rc1 b5 14. f4 Bb7 15. Nb3 Rfd8 16. Qe2 e5 17. f5 Nc5 18. Nxc5 Bxc5 19. f6 Bf8 20. fxg7 Bxg7 21. c4 b4 22. c5 Qc6 23. Bc4 Qxe4 24. Rxf7 Kh8 25. Bg5 Rd4 26. Qxe4 Bxe4 27. Be3 Rxc4 28. Rxc4 Bd5 29. Rxb4 Bxf7 30. c6 Bf8 31. Rb7 Bd5 32. Rb6 Rc8 33. Rxa6 Bxc6 0-1

[Event "CZE-chT2B 2223"]
[Site "Czech Republic"]
[Date "2022.12.18"]
[Round "5.1"]
[White "Sprenar, Petr"]
[Black "Hrbolka, Ladislav"]
[Result "1-0"]
[WhiteElo "2302"]
[BlackElo "2132"]
[PlyCount "81"]
[EventDate "2022.10.16"]
[EventType "team-tourn"]
[EventRounds "11"]
[EventCountry "CZE"]
[SourceTitle "EXT 2024"]
[Source "ChessBase"]
[SourceDate "2023.10.10"]
[SourceVersion "1"]
[SourceVersionDate "2023.10.10"]
[SourceQuality "1"]
[WhiteTeam "Karlovy Vary Tietz"]
[BlackTeam "Litomerice II"]
[WhiteTeamCountry "CZE"]
[BlackTeamCountry "CZE"]

1. d4 Nf6 2. c4 g6 3. g3 Bg7 4. Bg2 0-0 5. Nc3 d6 6. Nf3 Nc6 7. 0-0 a6 8. Bf4 Rb8 9. Rc1 Bd7 10. Qd2 b5 11. Nd5 Ne4 12. Qc2 f5 13. Be3 e6 14. cxb5 axb5 15. Nf4 Qe8 16. d5 Nb4 17. Qb3 Nxd5 18. Nxd5 exd5 19. Rxc7 Be6 20. Bd4 Rf7 21. Rxf7 Qxf7 22. Bxg7 Qxg7 23. Rd1 Qc7 24. Nd4 Bf7 25. Qe3 b4 26. Rc1 Qd7 27. h4 Rc8 28. h5 Rc4 29. h6 Qc7 30. Rd1 Qd8 31. Bxe4 dxe4 32. Nb5 d5 33. Qf4 Qf8 34. Nd6 Rc5 35. a3 b3 36. Nxf7 Kxf7 37. Qe3 Ke6 38. Qxb3 Qd6 39. Qe3 Rc4 40. b3 Rc7 41. Qd4 1-0

[Event "Titled Tuesday intern op 13th Dec Early"]
[Site "Chess.com INT"]
[Date "2022.12.13"]
[Round "6"]
[White "Forgacs, Attila Jr"]
[Black "Sprenar, Petr"]
[Result "0-1"]
[WhiteElo "2219"]
[BlackElo "2293"]
[PlyCount "86"]
[EventDate "2022.12.13"]
[EventType "swiss (blitz)"]
[EventRounds "11"]
[EventCountry "USA"]
[SourceTitle "EXT 2024"]
[Source "ChessBase"]
[SourceDate "2023.10.10"]
[SourceVersion "1"]
[SourceVersionDate "2023.10.10"]
[SourceQuality "1"]

1. e4 c5 2. d3 e6 3. g3 Nc6 4. Bg2 g6 5. f4 Bg7 6. Nf3 Nge7 7. 0-0 0-0 8. Be3 d6 9. c3 Rb8 10. a4 a6 11. Qe2 b5 12. axb5 axb5 13. Nbd2 b4 14. d4 bxc3 15. bxc3 cxd4 16. cxd4 Nb4 17. Rfb1 Bd7 18. Nc4 d5 19. exd5 Nexd5 20. Nfe5 Nc3 21. Qd2 Nxb1 22. Rxb1 Na6 23. Ra1 Nc7 24. g4 Bb5 25. Na5 Qd6 26. Nb7 Qb6 27. Nc5 Rfd8 28. Qf2 Nd5 29. Bxd5 Rxd5 30. f5 exf5 31. gxf5 Qf6 32. fxg6 Qxf2+ 33. Kxf2 hxg6 34. Rb1 Rdd8 35. Nf3 Be8 36. Rd1 Rb2+ 37. Kg3 Bc6 38. Ng5 Ra8 39. Bf2 Raa2 40. Nd3 Rd2 41. Re1 Rxd3+ 42. Kh4 Bf6 43. Re8+ Bxe8 0-1

[Event "Titled Tuesday intern op 13th Dec Early"]
[Site "Chess.com INT"]
[Date "2022.12.13"]
[Round "4"]
[White "Harsh, Suresh"]
[Black "Sprenar, Petr"]
[Result "1-0"]
[WhiteElo "2280"]
[BlackElo "2293"]
[PlyCount "43"]
[EventDate "2022.12.13"]
[EventType "swiss (blitz)"]
[EventRounds "11"]
[EventCountry "USA"]
[SourceTitle "EXT 2024"]
[Source "ChessBase"]
[SourceDate "2023.10.10"]
[SourceVersion "1"]
[SourceVersionDate "2023.10.10"]
[SourceQuality "1"]

1. Nf3 d5 2. c4 e6 3. b3 Nf6 4. Bb2 Be7 5. g3 0-0 6. Bg2 b6 7. 0-0 c5 8. cxd5 Nxd5 9. d4 Bb7 10. Na3 Nd7 11. Nc4 cxd4 12. Nxd4 Rc8 13. Nb5 Ba6 14. a4 Nc5 15. Nxa7 Rc7 16. Nb5 Rd7 17. Ne5 Ne3 18. Qe1 Nxf1 19. Nxd7 Qxd7 20. Bxf1 Bxb5 21. axb5 Nxb3 22. Qc3 1-0

[Event "Titled Tuesday intern op 13th Dec Early"]
[Site "Chess.com INT"]
[Date "2022.12.13"]
[Round "8"]
[White "Maksimovic, Bojan"]
[Black "Sprenar, Petr"]
[Result "0-1"]
[WhiteElo "2486"]
[BlackElo "2293"]
[PlyCount "146"]
[EventDate "2022.12.13"]
[EventType "swiss (blitz)"]
[EventRounds "11"]
[EventCountry "USA"]
[SourceTitle "EXT 2024"]
[Source "ChessBase"]
[SourceDate "2023.10.10"]
[SourceVersion "1"]
[SourceVersionDate "2023.10.10"]
[SourceQuality "1"]

1. e4 c5 2. Nf3 e6 3. d4 cxd4 4. Nxd4 Nc6 5. Nc3 Qc7 6. Be3 a6 7. Qf3 Nf6 8. 0-0-0 Ne5 9. Qg3 b5 10. f4 Neg4 11. e5 Nxe3 12. Qxe3 b4 13. Ne4 Nxe4 14. Qxe4 Bb7 15. Qe3 Bc5 16. Qg3 0-0 17. h4 Rac8 18. Qf2 f6 19. Qe2 fxe5 20. fxe5 Rf4 21. Nb3 Rf2 22. Rxd7 Qxd7 23. Nxc5 Rxf1+ 24. Rxf1 Rxc5 25. Rd1 Rd5 26. Re1 Rd4 27. Qf2 Rd5 28. Qb6 Qc6 29. Qxb4 Rc5 30. Qb3 Qd5 31. Qxd5 Rxd5 32. g3 Kf7 33. b3 Kg6 34. Re3 Kf5 35. Rf3+ Kg6 36. Re3 h5 37. c4 Rd4 38. Kc2 Re4 39. Rd3 Rxe5 40. Rd7 Be4+ 41. Kc3 Bb1 42. a4 Ba2 43. Kb2 Re2+ 44. Ka3 Bb1 45. Ra7 Re3 46. Kb2 Bf5 47. Rxa6 Rxg3 48. a5 Rg2+ 49. Ka3 Rg1 50. Kb2 Rb1+ 51. Ka2 Kf6 52. Rb6 Rd1 53. a6 Rd8 54. b4 Be4 55. b5 g5 56. hxg5+ Kxg5 57. c5 h4 58. Rxe6 Bd5+ 59. Ka3 Bxe6 60. c6 Bd5 61. Kb4 h3 62. Kc5 h2 63. c7 Rc8 64. Kxd5 h1Q+ 65. Kd6 Qd1+ 66. Kc6 Qc2+ 67. Kd5 Qxc7 68. b6 Qxb6 69. a7 Rc5+ 70. Kd4 Qb4+ 71. Kd3 Rc3+ 72. Kd2 Qb2+ 73. Kd1 Rc1# 0-1

[Event "Titled Tuesday intern op 13th Dec Early"]
[Site "Chess.com INT"]
[Date "2022.12.13"]
[Round "2"]
[White "Sprenar, Petr"]
[Black "Petrova, Irina"]
[Result "1-0"]
[WhiteElo "2293"]
[BlackElo "2123"]
[PlyCount "71"]
[EventDate "2022.12.13"]
[EventType "swiss (blitz)"]
[EventRounds "11"]
[EventCountry "USA"]
[SourceTitle "EXT 2024"]
[Source "ChessBase"]
[SourceDate "2023.10.10"]
[SourceVersion "1"]
[SourceVersionDate "2023.10.10"]
[SourceQuality "1"]

1. d4 d6 2. g3 g6 3. Bg2 Bg7 4. Nf3 Nf6 5. 0-0 0-0 6. b3 Nc6 7. Bb2 e5 8. dxe5 Ng4 9. c4 Ngxe5 10. Qd2 Nxf3+ 11. exf3 Be6 12. Nc3 Qf6 13. Rab1 Qd4 14. Qe2 Qc5 15. Ne4 Qf5 16. Bxg7 Kxg7 17. Rbd1 Rae8 18. Rfe1 f6 19. h4 Bf7 20. Qd2 Ne5 21. f4 Nc6 22. Kh2 Qa5 23. Qb2 Be6 24. Re3 Re7 25. Rde1 Ref7 26. Ng5 Bd7 27. Nxf7 Rxf7 28. Bd5 Rf8 29. a3 Qc5 30. b4 Qb6 31. Qc3 a6 32. Re7+ Nxe7 33. Rxe7+ Kh8 34. Rxd7 Qxf2+ 35. Bg2 Qb6 36. Qe1 1-0

[Event "Titled Tuesday intern op 27th Sep Early"]
[Site "Chess.com INT"]
[Date "2022.09.27"]
[Round "1"]
[White "Wirig, Anthony"]
[Black "Sprenar, Petr"]
[Result "1-0"]
[WhiteElo "2515"]
[BlackElo "2244"]
[PlyCount "49"]
[EventDate "2022.09.27"]
[EventType "swiss (blitz)"]
[EventRounds "11"]
[EventCountry "USA"]
[SourceTitle "CBM 210 Extra"]
[Source "ChessBase"]
[SourceDate "2022.11.30"]
[SourceVersion "1"]
[SourceVersionDate "2022.11.30"]
[SourceQuality "1"]

1. d4 d5 2. Bg5 Nf6 3. Bxf6 exf6 4. e3 Bd6 5. g3 0-0 6. Bg2 c6 7. Nd2 Nd7 8. Ne2 Re8 9. c4 dxc4 10. Nxc4 Bb4+ 11. Nc3 Nb6 12. Nxb6 axb6 13. 0-0 Be6 14. Qc2 Rc8 15. Rfd1 Qe7 16. a3 Bd6 17. Rac1 f5 18. d5 cxd5 19. Bxd5 Be5 20. Qb3 Bxc3 21. Rxc3 Bxd5 22. Rxd5 Rxc3 23. Qxc3 Rd8 24. Qe5 Qxe5 25. Rxd8+ 1-0

[Event "Nepomuk-A"]
[Site "Nepomuk"]
[Date "2022.09.05"]
[Round "5"]
[White "Sprenar, Petr"]
[Black "Spirik, Jiri"]
[Result "1-0"]
[WhiteElo "2244"]
[BlackElo "2223"]
[PlyCount "69"]
[EventDate "2022.09.01"]
[EventType "tourn"]
[EventRounds "9"]
[EventCountry "CZE"]
[SourceTitle "CBM 210 Extra"]
[Source "ChessBase"]
[SourceDate "2022.11.30"]
[SourceVersion "1"]
[SourceVersionDate "2022.11.30"]
[SourceQuality "1"]

1. e4 d6 2. d4 g6 3. Nc3 Nf6 4. Be3 c6 5. f3 b5 6. Qd2 Nbd7 7. 0-0-0 Qc7 8. Kb1 Nb6 9. Bh6 b4 10. Nce2 Nc4 11. Qg5 Qa5 12. Qxa5 Nxa5 13. Bxf8 Kxf8 14. Nf4 Kg7 15. e5 Nd5 16. Nxd5 cxd5 17. exd6 exd6 18. Ne2 Nc4 19. Nf4 Bb7 20. Bd3 Rhe8 21. Rde1 Bc6 22. Kc1 a5 23. Rxe8 Rxe8 24. b3 Nb6 25. Kd2 f5 26. h4 Kf6 27. g4 Bd7 28. g5+ Kg7 29. h5 Be6 30. Bb5 Re7 31. Re1 Kf7 32. hxg6+ hxg6 33. Bc6 Bd7 34. Rxe7+ Kxe7 35. Bxd7 1-0

[Event "CZE-chT2B 2122"]
[Site "Czech Republic"]
[Date "2022.03.20"]
[Round "10.1"]
[White "Sprenar, Petr"]
[Black "Papacek, Stepan"]
[Result "1-0"]
[WhiteElo "2259"]
[BlackElo "2243"]
[PlyCount "67"]
[EventDate "2021.10.17"]
[EventType "team-tourn"]
[EventRounds "11"]
[EventCountry "CZE"]
[SourceTitle "EXT 2025"]
[Source "ChessBase"]
[SourceDate "2024.10.14"]
[SourceVersion "1"]
[SourceVersionDate "2024.10.14"]
[SourceQuality "1"]
[WhiteTeam "Karlovy Vary Tietz"]
[BlackTeam "Litomerice Slavoj II"]
[WhiteTeamCountry "CZE"]
[BlackTeamCountry "CZE"]

1. d4 Nf6 2. Bg5 e6 3. e4 d5 4. Nd2 dxe4 5. Nxe4 Be7 6. Bxf6 gxf6 7. Nf3 a6 8. g3 b5 9. Bg2 Bb7 10. Qe2 Nd7 11. 0-0 f5 12. Neg5 Bd5 13. b3 b4 14. h4 0-0 15. Nh3 c6 16. Rac1 Qa5 17. Ra1 Rad8 18. Nf4 Bd6 19. Nd3 Rfe8 20. Nfe5 Bxg2 21. Kxg2 Bxe5 22. dxe5 Nc5 23. Nb2 Ne4 24. Nc4 Qd5 25. f3 Nc3 26. Qe3 Kh8 27. a3 c5 28. axb4 cxb4 29. Rxa6 Rg8 30. Rd6 Rxd6 31. Nxd6 Rg7 32. Ne8 f4 33. Qxf4 Ne2 34. Qf6 1-0

[Event "CZE-chT 2122"]
[Site "Czech Republic"]
[Date "2022.02.27"]
[Round "12.6"]
[White "Sprenar, Petr"]
[Black "Mrva, Marek"]
[Result "1-0"]
[WhiteElo "2259"]
[BlackElo "2094"]
[PlyCount "107"]
[EventDate "2021.10.15"]
[EventType "team-tourn"]
[EventRounds "15"]
[EventCountry "CZE"]
[SourceTitle "EXT 2023"]
[Source "ChessBase"]
[SourceDate "2022.10.05"]
[SourceVersion "1"]
[SourceVersionDate "2022.10.05"]
[SourceQuality "1"]
[WhiteTeam "Ingem Line"]
[BlackTeam "Ostrava Labortech"]
[WhiteTeamCountry "CZE"]
[BlackTeamCountry "CZE"]

1. d4 Nf6 2. c4 c5 3. d5 e6 4. Nc3 exd5 5. cxd5 d6 6. Nf3 g6 7. g3 Bg7 8. Bg2 0-0 9. 0-0 a6 10. a4 Re8 11. Bf4 Qe7 12. e4 Nbd7 13. Re1 Nh5 14. Bg5 Qf8 15. h3 Rb8 16. a5 b5 17. axb6 Rxb6 18. Qc2 Ne5 19. Kh2 f5 20. Nxe5 Bxe5 21. f4 Bd4 22. exf5 gxf5 23. Bf1 Bd7 24. Bc4 Nf6 25. Bxf6 Qxf6 26. Rxe8+ Bxe8 27. Rxa6 Rxa6 28. Bxa6 Bh5 29. Bc8 Bg6 30. Be6+ Kg7 31. Nb5 Bxb2 32. Nxd6 Bd4 33. Nc4 Qf8 34. d6 Qa8 35. d7 Qa1 36. Qg2 Bf6 37. Nd6 Be7 38. Bxf5 Qd4 39. Ne8+ Kf7 40. Bxg6+ hxg6 41. Nc7 Qxd7 42. Qd5+ Qxd5 43. Nxd5 c4 44. Kg2 Ke6 45. Nxe7 Kxe7 46. Kf3 Kd6 47. h4 Kd5 48. g4 Kd4 49. h5 gxh5 50. gxh5 Kd3 51. h6 c3 52. h7 c2 53. h8Q c1Q 54. Qd8+ 1-0

[Event "CZE-chT2B 2122"]
[Site "Czech Republic"]
[Date "2022.02.13"]
[Round "8.1"]
[White "Hlavsa, Petr"]
[Black "Sprenar, Petr"]
[Result "1/2-1/2"]
[WhiteElo "2164"]
[BlackElo "2259"]
[PlyCount "46"]
[EventDate "2021.10.17"]
[EventType "team-tourn"]
[EventRounds "11"]
[EventCountry "CZE"]
[SourceTitle "EXT 2025"]
[Source "ChessBase"]
[SourceDate "2024.10.14"]
[SourceVersion "1"]
[SourceVersionDate "2024.10.14"]
[SourceQuality "1"]
[WhiteTeam "Vysehrad Sokol III"]
[BlackTeam "Karlovy Vary Tietz"]
[WhiteTeamCountry "CZE"]
[BlackTeamCountry "CZE"]

1. e4 c5 2. Nf3 e6 3. d4 cxd4 4. Nxd4 Nc6 5. Nc3 Qc7 6. Be2 Nf6 7. 0-0 a6 8. Be3 Bb4 9. f3 0-0 10. Nxc6 bxc6 11. Qd4 c5 12. Qd3 Bb7 13. Bg5 Qe5 14. Bxf6 gxf6 15. Qxd7 Rab8 16. Rad1 Bxc3 17. bxc3 f5 18. Qd6 Qxd6 19. Rxd6 fxe4 20. fxe4 Bxe4 21. Rxa6 Ra8 22. Rxa8 Rxa8 23. Bc4 Bd5 1/2-1/2

[Event "Titled Tuesday intern op 25th Jan"]
[Site "Chess.com INT"]
[Date "2022.01.25"]
[Round "2"]
[White "Sprenar, Petr"]
[Black "Nouri, Alekhine"]
[Result "1-0"]
[WhiteElo "2263"]
[BlackElo "2247"]
[PlyCount "135"]
[EventDate "2022.01.25"]
[EventType "swiss (blitz)"]
[EventRounds "11"]
[EventCountry "USA"]
[SourceTitle "CBM 206 Extra"]
[Source "ChessBase"]
[SourceDate "2022.03.31"]
[SourceVersion "1"]
[SourceVersionDate "2022.03.31"]
[SourceQuality "1"]

1. d4 Nf6 2. c4 c5 3. d5 b5 4. cxb5 a6 5. bxa6 Bxa6 6. Nc3 d6 7. e4 Bxf1 8. Kxf1 g6 9. g3 Bg7 10. Kg2 0-0 11. Nf3 Qb6 12. Qe2 Nfd7 13. a4 Na6 14. Nb5 Nc7 15. Nxc7 Qxc7 16. Nd2 Rfb8 17. Nc4 Rb4 18. Qc2 Ne5 19. Nxe5 Bxe5 20. Ra3 Qb7 21. b3 Rb8 22. a5 Rxb3 23. a6 Rxa3 24. axb7 Ra7 25. h4 Raxb7 26. h5 Kg7 27. hxg6 hxg6 28. Qd2 Bd4 29. Qh6+ Kf6 30. Bg5+ Ke5 31. Qh4 Bc3 32. Qf4+ Kd4 33. Qe3+ Kc4 34. Rc1 Rb3 35. Qe2+ Kb4 36. Bxe7 Rb6 37. e5 Bxe5 38. Qc4+ Ka3 39. Bd8 R6b4 40. Qa6+ Ra4 41. Qc6 Rab4 42. Bc7 Kb2 43. Re1 Bd4 44. Re2+ Kb1 45. Bxd6 Rb6 46. Qd7 Rb2 47. Rxb2+ Rxb2 48. Qxf7 c4 49. Ba3 Rd2 50. d6 c3 51. Qb3+ Ka1 52. d7 Rxf2+ 53. Kh3 Bf6 54. Bb4 c2 55. Bc3+ Bxc3 56. Qxc3+ Kb1 57. d8Q c1Q 58. Qb6+ Rb2 59. Qbxb2+ Qxb2 60. Qxb2+ Kxb2 61. Kg4 Kc3 62. Kg5 Kd4 63. Kxg6 Ke4 64. g4 Ke5 65. g5 Ke6 66. Kh7 Kf7 67. g6+ Kf8 68. g7+ 1-0

[Event "Titled Tuesday intern op 25th Jan"]
[Site "Chess.com INT"]
[Date "2022.01.25"]
[Round "4"]
[White "Sprenar, Petr"]
[Black "Papp, Petra"]
[Result "1-0"]
[WhiteElo "2263"]
[BlackElo "2336"]
[PlyCount "109"]
[EventDate "2022.01.25"]
[EventType "swiss (blitz)"]
[EventRounds "11"]
[EventCountry "USA"]
[SourceTitle "CBM 206 Extra"]
[Source "ChessBase"]
[SourceDate "2022.03.31"]
[SourceVersion "1"]
[SourceVersionDate "2022.03.31"]
[SourceQuality "1"]

1. d4 d6 2. g3 f5 3. c4 Nf6 4. Nc3 g6 5. Nh3 e6 6. Bg2 Bg7 7. 0-0 0-0 8. e4 fxe4 9. Nxe4 Nxe4 10. Bxe4 e5 11. Ng5 h6 12. Bd5+ Kh8 13. Nf7+ Rxf7 14. Bxf7 exd4 15. Bxg6 Nc6 16. Qh5 Qf8 17. f4 Be6 18. f5 Bxc4 19. Rf4 Qf6 20. Rh4 Ne5 21. Bxh6 Nxg6 22. Bxg7+ Kxg7 23. Qh7+ Kf8 24. fxg6 Bg8 25. Qh6+ Ke7 26. Re1+ Kd7 27. Rf4 Qd8 28. Qg7+ Kc6 29. Rc1+ Kb6 30. Qxd4+ c5 31. Qf6 Qc7 32. Rd1 Rd8 33. h4 Bxa2 34. h5 Bb3 35. Re1 c4 36. h6 Qc5+ 37. Qd4 c3 38. bxc3 a5 39. h7 Rh8 40. Ref1 a4 41. Rf8 a3 42. Rxh8 a2 43. Qxc5+ Kxc5 44. g7 Kc4 45. g8Q+ Kxc3 46. Rf3+ Kd2 47. Rf2+ Ke3 48. Rxa2 Bxa2 49. Qxa2 d5 50. Qf2+ Ke4 51. Re8+ Kd3 52. Re3+ Kc4 53. Qc2+ Kb5 54. Rb3+ Ka6 55. Qa2# 1-0

[Event "CZE-chT 2122"]
[Site "Czech Republic"]
[Date "2021.12.19"]
[Round "6.3"]
[White "Sprenar, Petr"]
[Black "Sorm, Daniel"]
[Result "1/2-1/2"]
[WhiteElo "2259"]
[BlackElo "2347"]
[PlyCount "60"]
[EventDate "2021.10.15"]
[EventType "team-tourn"]
[EventRounds "15"]
[EventCountry "CZE"]
[SourceTitle "EXT 2023"]
[Source "ChessBase"]
[SourceDate "2022.10.05"]
[SourceVersion "1"]
[SourceVersionDate "2022.10.05"]
[SourceQuality "1"]
[WhiteTeam "Ingem Line"]
[BlackTeam "Unichess"]
[WhiteTeamCountry "CZE"]
[BlackTeamCountry "CZE"]

1. d4 Nf6 2. c4 e6 3. g3 d5 4. Nf3 dxc4 5. Bg2 a6 6. 0-0 Nc6 7. e3 Rb8 8. Nfd2 Bd7 9. Nxc4 b5 10. Ncd2 Bd6 11. Nc3 0-0 12. Nde4 b4 13. Nxf6+ Qxf6 14. Ne4 Qe7 15. b3 Na7 16. Qc2 f5 17. Nxd6 cxd6 18. Bb2 Rfc8 19. Qd2 d5 20. Rfc1 Nb5 21. Rxc8+ Rxc8 22. Rc1 Kf7 23. f3 Qd6 24. Rxc8 Bxc8 25. Qc1 Bd7 26. Kf2 a5 27. Bf1 Qc6 28. Qxc6 Bxc6 29. Bxb5 Bxb5 30. a3 a4 1/2-1/2

[Event "Titled Tuesday intern op 14th Dec"]
[Site "Chess.com INT"]
[Date "2021.12.14"]
[Round "3"]
[White "Sprenar, Petr"]
[Black "Balabayeva, Kseniya"]
[Result "1-0"]
[WhiteElo "2269"]
[BlackElo "2220"]
[PlyCount "47"]
[EventDate "2021.12.14"]
[EventType "swiss (blitz)"]
[EventRounds "11"]
[EventCountry "USA"]
[SourceTitle "EXT 2023"]
[Source "ChessBase"]
[SourceDate "2022.10.05"]
[SourceVersion "1"]
[SourceVersionDate "2022.10.05"]
[SourceQuality "1"]

1. d4 d5 2. c4 e6 3. Nf3 h6 4. g3 dxc4 5. Bg2 Nc6 6. 0-0 Rb8 7. e4 Nf6 8. Re1 Bb4 9. Nc3 0-0 10. e5 Nd5 11. Bd2 Bxc3 12. bxc3 b5 13. a3 a5 14. Qe2 Ba6 15. h4 Rb6 16. Nh2 b4 17. axb4 axb4 18. Qh5 b3 19. Ng4 b2 20. Rxa6 Rxa6 21. Be4 Qe7 22. Bxh6 gxh6 23. Nxh6+ Kg7 24. Nxf7 1-0